[Event "Bogota Avenida Chile op 5th"]
[Site "Bogota"]
[Date "2025.06.15"]
[Round "7"]
[White "Duran Garzon, Juan David"]
[Black "Silva, Mariano"]
[Result "0-1"]
[WhiteElo "1549"]
[BlackElo "1800"]
[PlyCount "78"]
[EventDate "2025.06.15"]
[EventType "swiss (rapid)"]
[EventRounds "7"]
[EventCountry "COL"]
[SourceTitle "CB25_2025"]
[SourceDate "2025.06.18"]
[SourceVersion "1"]
[SourceVersionDate "2025.06.18"]
[SourceQuality "1"]

1. d4 Nf6 2. c4 c6 3. Nc3 d5 4. Bg5 dxc4 5. e4 b5 6. a4 Bb7 7. e5 Nd5 8. Nf3 Nxc3 9. bxc3 a6 10. g3 h6 11. Bc1 e6 12. Bg2 Be7 13. 0-0 0-0 14. Nd2 Nd7 15. Ne4 Nb6 16. a5 Nd5 17. Ba3 Qc7 18. Bc5 Bxc5 19. dxc5 Qxe5 20. Qc2 Rad8 21. Nd6 Rd7 22. Rac1 Nf6 23. Rfd1 Qxc5 24. Ne4 Rxd1+ 25. Rxd1 Nxe4 26. Bxe4 Qe7 27. Qd2 c5 28. Bb1 Bd5 29. Qf4 Rd8 30. Qd2 Qg5 31. f4 Qg4 32. Qc2 g6 33. Kf2 Qf3+ 34. Ke1 Qe3+ 35. Kf1 Qf3+ 36. Ke1 Qh1+ 37. Kf2 Qxh2+ 38. Ke3 Qxg3+ 39. Ke2 Bf3+ 0-1